zpět

Detail výsledku týmu

AktOFFka, Buštěhrad

Datum a čas kvízu

19 Celkem bodů Celkový počet nahraných bodů na tomto kvízu bez doplňovacích otázek.
4. Pořadí na kvízu Konečné umístění týmu na tomto kvízu.

Zaznamenané odpovědi

# Otázka Odpověď Body Výsledky
1. Sociální demokraté si novým šé... 1
2. Obyvatelé Moskvy přišli na způ... 0
3. Novou soškou lva inspirovanou... 0
4. Mimořádná valná hromada jedné... 0
5. Začátek olympijského hokejovéh... 1
6. Který z těchto členů skupiny P... 0
7. Z kolika hvězd se skládá Orion... 0
8. Který z těchto výrobků nepatří... 0
9. Orion je kosmická loď vyvíjená... 0
10. Odrůda jablek Orion byla vyšle... 0.5